Applied Srimad Bhagavad Gita; (Record no. 210558)

MARC details
000 -LEADER
fixed length control field 00638nam a22002057a 4500
005 - DATE AND TIME OF LATEST TRANSACTION
control field 20250328104435.0
010 ## - LCCN (DPL NO)
LC control number ENG-144314
020 ## - INTERNATIONAL STANDARD BOOK NUMBER
International Standard Book Number 9788197865923
Terms of availability 300.00
035 ## - SYSTEM CONTROL NUMBER
System control number EN-127846
037 ## - SOURCE OF ACQUISITION
Source of stock number/acquisition DBAD
082 ## - DEWEY DECIMAL CLASSIFICATION NUMBER
Classification number 230.2
Edition number 1
100 ## - MAIN ENTRY--PERSONAL NAME
Personal name Ghosh, Tarun Kumar
245 ## - TITLE STATEMENT
Title Applied Srimad Bhagavad Gita;
Remainder of title The Gita and it's Application in MAnagement
Statement of responsibility, etc Tarun Kumar Ghosh
260 ## - PUBLICATION, DISTRIBUTION, ETC. (IMPRINT)
Place of publication, distribution, etc Kolkata
Name of publisher, distributor, etc Progressive Publishers
Date of publication, distribution, etc 2025
270 ## - ADDRESS
Address 37A College Street
City Kolkata
Postal code 700073
300 ## - PHYSICAL DESCRIPTION
Extent 288 p.
Dimensions 22 cm.(Hb)
500 ## - GENERAL NOTE
General note Stories of vedanta monks
700 ## - ADDED ENTRY--PERSONAL NAME
9 (RLIN) 76691
942 ## - ADDED ENTRY ELEMENTS (KOHA)
Source of classification or shelving scheme Dewey Decimal Classification
Item type English Books
Classification part 230.2
Call number suffix GHO
Holdings
Withdrawn status Lost status Not for loan Collection code Home library Current library Date acquired Source of acquisition Cost, normal purchase price Full call number Barcode Copy number Cost, replacement price Koha item type
      Non-fiction Patel Nagar Patel Nagar 28/03/2025 DBAD 300.00 230.2 GHO EN-127846 1 300.00 English Books

© Delhi Public Library
Hit Counter
free hit counter